000 00575nam a2200193 a 4500
005 20140428103948.0
008 031218s19uu xx 00 eng d
020 _a0030460832
050 _aQP 34.5
_b.So689 1990
100 _aSolomon
245 _aBody-Art to accompany Human Anatomy and Physiology /
_cSolomon.
250 _a2nd ed.
260 _aPhiladelphia :
_bSaunders College Pub.,
_c1990.
300 _a176 p. :
_bill. ;
_c28 cm.
650 _aHuman Physiology
_xworkbook, etc.
650 _aHuman Anatomy
_xworkbook, etc.
942 _cBK
_2lcc
999 _c115531
_d115531